000 00448nam a22001697a 4500
005 20251108164327.0
008 250721s9999 xx 000 0 ara d
082 1 4 _a920.72/محم
100 1 _aالكويفي، محمد إبراهيم
245 1 0 _aنساء فاضلات /
264 1 _aدمشق :
_bدار النصر،
_c[19-].
300 _a175 ص
650 1 7 _aالمرأة
650 1 7 _aالتراجم
942 _2ddc
_cBK
999 _c9407
_d9407